| 000 | 01118cad a22002175a 4500 | ||
|---|---|---|---|
| 001 | E150345 | ||
| 008 | 100702e20100629xxkb f s000 0 eng d | ||
| 035 | _a(Sirsi) u150345 | ||
| 041 | 0 | _aeng | |
| 100 | 1 | _aHough, Richard | |
| 245 | 0 | 4 |
_aProperty Factors (Scotland) Bill _h[electronic resource] |
| 260 |
_aEdinburgh _bScottish Parliament _c2010 |
||
| 490 | 0 |
_aSPICe Briefing _v(10/42) 29 June 2010 |
|
| 520 | _aGives background to the Bill, including examining the current property services market and land maintenance market in Scotland. Looks at existing procedures for dealing with disputes with property factors, and also considers issues such as the provision of pre-purchase information and the ability of residents to switch service provider. Also discusses ways in which other jurisdictions have dealt with this issue. | ||
| 521 | _aAdvanced | ||
| 590 | _aKA | ||
| 651 | 4 |
_aScotland _y1999- |
|
| 690 |
_aLandlord and tenant _96252 |
||
| 856 | 4 | 0 |
_uhttps://www.scottish.parliament.uk/business/research/briefings-10/SB10-42.pdf _zView the briefing free of charge at www.scottish.parliament.uk |
| 942 | _n0 | ||
| 999 |
_c110838 _d110838 |
||